[Event "11t. Rusia tch 2010 Femenino"]
[Site "Dagomys RUS"]
[Date "2010.04.05"]
[Round "5.22"]
[White "Arakhamia-Grant, Ketevan"]
[Black "Paikidze, Nazi"]
[Result "0-1"]
[WhiteElo "2447"]
[BlackElo "2322"]
[PlyCount "82"]
[EventDate "2010.04.01"]
[EventType "team"]
[EventRounds "7"]
[EventCountry "RUS"]
[Source "lmi"]
[SourceDate "2010.04.01"]

1. e4 c5 2. Nf3 d6 3. d4 cxd4 4. Nxd4 Nf6 5. Nc3 Nc6 6. Bg5 e6 7. Qd2 a6 8.
O-O-O Be7 9. f3 Nxd4 10. Qxd4 Qc7 11. h4 Bd7 12. Kb1 b5 13. g4 h5 14. gxh5 Qc5
15. Qd2 b4 16. Ne2 a5 17. h6 gxh6 18. Bxh6 a4 19. Be3 Qa5 20. Nf4 a3 21. b3 Nh5
22. Nxh5 Rxh5 23. f4 Bc6 24. Bg2 O-O-O 25. Qf2 Rdh8 26. Rd4 d5 27. exd5 exd5
28. f5 Bf6 29. Bf3 R5h7 30. h5 Re8 31. Rd3 Bc3 32. Rhd1 Qc7 33. Bxd5 Rxh5 34.
Bxc6 Qxc6 35. Rd5 Rh1 36. R5d3 Reh8 37. Bc1 Be5 38. Qa7 Rxd1 39. Rxd1 Rh2 40.
Rd2 Rh1 41. Rf2 Bb2 0-1

[Event "11t. Rusia tch 2010 Femenino"]
[Site "Dagomys RUS"]
[Date "2010.04.05"]
[Round "5.23"]
[White "Repina, Varvara"]
[Black "Bodnaruk, Anastasia"]
[Result "0-1"]
[WhiteElo "2240"]
[BlackElo "2384"]
[PlyCount "83"]
[EventDate "2010.04.01"]
[EventType "team"]
[EventRounds "7"]
[EventCountry "RUS"]
[Source "lmi"]
[SourceDate "2010.04.01"]

1. e4 c5 2. Nf3 d6 3. d4 Nf6 4. Nc3 cxd4 5. Nxd4 a6 6. Be2 e5 7. Nb3 Be7 8. O-O
O-O 9. Kh1 b6 10. f4 Bb7 11. Bf3 Nbd7 12. Qe1 Rc8 13. f5 b5 14. a3 Nb6 15. g4
d5 16. g5 Nxe4 17. f6 gxf6 18. gxf6 Bxf6 19. Bh6 Re8 20. Nxe4 dxe4 21. Bxe4
Bxe4+ 22. Qxe4 Kh8 23. Rad1 Qe7 24. Rf3 Rg8 25. Qf5 Rc6 26. Na5 Re6 27. Rh3 Rg6
28. Qh5 Qe8 29. Rdd3 Qg8 30. Rdg3 Nd5 31. Rxg6 fxg6 32. Qg4 e4 33. c4 bxc4 34.
Nxc4 Qe8 35. Rb3 Rc6 36. Na5 Rc7 37. Qd1 e3 38. Qxd5 e2 39. Bd2 e1=Q+ 40. Bxe1
Qxe1+ 41. Kg2 Rc2+ 42. Kh3 0-1

[Event "11t. Rusia tch 2010 Femenino"]
[Site "Dagomys RUS"]
[Date "2010.04.05"]
[Round "5.24"]
[White "Demina, Julia"]
[Black "Bukhteeva, Viktoria"]
[Result "1-0"]
[WhiteElo "2339"]
[BlackElo "2206"]
[PlyCount "135"]
[EventDate "2010.04.01"]
[EventType "team"]
[EventRounds "7"]
[EventCountry "RUS"]
[Source "lmi"]
[SourceDate "2010.04.01"]

1. Nf3 d5 2. d4 Nf6 3. c4 e6 4. Nc3 Be7 5. Bg5 O-O 6. e3 h6 7. Bh4 Ne4 8. Bxe7
Qxe7 9. Qc2 Nxc3 10. Qxc3 c5 11. cxd5 cxd4 12. Nxd4 exd5 13. Be2 Be6 14. O-O
Rc8 15. Qd2 Nd7 16. Rac1 Nf6 17. Bf3 Ne4 18. Bxe4 dxe4 19. b3 Rd8 20. Qc2 Bd5
21. Qc7 Qg5 22. Rfd1 Kh7 23. Qg3 Qf6 24. Qg4 g6 25. h4 Qe5 26. Rc5 Qe7 27. Rdc1
Rd7 28. Rc8 Rxc8 29. Rxc8 Rc7 30. h5 Rxc8 31. hxg6+ fxg6 32. Qxc8 Kg7 33. Qc3
Kg8 34. Qa5 Qd6 35. Qxa7 Kf7 36. Qa5 Kf6 37. Qc3 Kg5 38. Ne2 Bc6 39. Nf4 Qd1+
40. Kh2 Qd6 41. Qg7 Bd7 42. b4 b6 43. a3 h5 44. Kg3 Bf5 45. Qh8 b5 46. Qc3 h4+
47. Kh2 Kg4 48. Qc2 Qe5 49. a4 bxa4 50. Qxa4 Qb2 51. Qd1+ Kg5 52. Qe1 Kh6 53.
Kg1 g5 54. Ne2 Be6 55. Nd4 Bc4 56. Kh2 Ba6 57. g3 Bc4 58. gxh4 gxh4 59. Kh3 Qa2
60. Qg1 Qa7 61. Nf5+ Kh7 62. Qg5 Qf7 63. Qxh4+ Kg6 64. Ne7+ Kg7 65. Qg5+ Kf8
66. Ng6+ Ke8 67. Nf4 Bf1+ 68. Kg3 1-0

[Event "11t. Rusia tch 2010 Femenino"]
[Site "Dagomys RUS"]
[Date "2010.04.05"]
[Round "5.31"]
[White "Kosteniuk, Alexandra"]
[Black "Zhukova, Natalia"]
[Result "0-1"]
[WhiteElo "2524"]
[BlackElo "2492"]
[PlyCount "44"]
[EventDate "2010.04.01"]
[EventType "team"]
[EventRounds "7"]
[EventCountry "RUS"]
[Source "lmi"]
[SourceDate "2010.04.01"]

1. e4 e5 2. Nf3 Nc6 3. d4 exd4 4. Nxd4 Bc5 5. Be3 Qf6 6. c3 Nge7 7. Bc4 O-O 8.
O-O b6 9. f4 d5 10. e5 Qh6 11. Be2 Nxe5 12. Qd2 Nc4 13. Bxc4 dxc4 14. f5 Qh5
15. f6 Nd5 16. fxg7 Re8 17. Bf2 Bb7 18. Na3 Bd6 19. g3 Nf4 20. gxf4 Qd5 21. Be3
Rxe3 22. Nf3 Rxf3 0-1

[Event "11t. Rusia tch 2010 Femenino"]
[Site "Dagomys RUS"]
[Date "2010.04.05"]
[Round "5.32"]
[White "Munguntuul, Batkhuyag"]
[Black "Kovalevskaya, Ekaterina"]
[Result "1/2-1/2"]
[WhiteElo "2428"]
[BlackElo "2438"]
[PlyCount "90"]
[EventDate "2010.04.01"]
[EventType "team"]
[EventRounds "7"]
[EventCountry "RUS"]
[Source "lmi"]
[SourceDate "2010.04.01"]

1. e4 c5 2. Nf3 Nc6 3. d4 cxd4 4. Nxd4 Nf6 5. Nc3 d6 6. f3 e5 7. Nb3 Be7 8. Be3
O-O 9. Qd2 a5 10. Bb5 Na7 11. Bd3 Be6 12. Rd1 Nc8 13. O-O a4 14. Nc1 Nb6 15.
Qf2 Nc4 16. Bxc4 Bxc4 17. Rfe1 Qc8 18. a3 Qe6 19. Nd3 Bd8 20. Bb6 Nh5 21. Bxd8
Raxd8 22. Nxa4 f5 23. Qh4 Bxd3 24. cxd3 Nf4 25. Nc3 Rd7 26. Ne2 Ng6 27. Qf2 d5
28. exd5 Qxd5 29. d4 Qb3 30. Nc1 Qa4 31. d5 Rfd8 32. Qc5 Qa6 33. Ne2 Qf6 34.
Nc3 Nf4 35. d6 Rxd6 36. Rxd6 Qxd6 37. Qxd6 Rxd6 38. Rxe5 Rd2 39. Rxf5 Nxg2 40.
Rb5 Nh4 41. f4 Nf3+ 42. Kf1 Nxh2+ 43. Ke1 Nf3+ 44. Kf1 Nh2+ 45. Ke1 Nf3+
1/2-1/2

[Event "11t. Rusia tch 2010 Femenino"]
[Site "Dagomys RUS"]
[Date "2010.04.05"]
[Round "5.33"]
[White "Gunina, Valentina"]
[Black "Zaiatz, Elena"]
[Result "1-0"]
[WhiteElo "2457"]
[BlackElo "2391"]
[PlyCount "127"]
[EventDate "2010.04.01"]
[EventType "team"]
[EventRounds "7"]
[EventCountry "RUS"]
[Source "lmi"]
[SourceDate "2010.04.01"]

1. d4 Nf6 2. Nf3 e6 3. c4 Bb4+ 4. Bd2 a5 5. Nc3 d6 6. Qc2 Nc6 7. e3 e5 8. dxe5
dxe5 9. a3 Bxc3 10. Bxc3 Qe7 11. Nd2 Nd4 12. Qb1 Bf5 13. Bd3 Bxd3 14. Qxd3 Nc6
15. O-O O-O 16. Rfd1 Rfd8 17. Qc2 Qe6 18. b4 axb4 19. axb4 Rxa1 20. Rxa1 Nd7
21. h3 h6 22. b5 Ne7 23. Ra7 Qb6 24. Qa2 Ng6 25. Ra8 c6 26. Qa7 Qxa7 27. Rxa7
cxb5 28. cxb5 b6 29. Nc4 Nc5 30. Ra1 Ne4 31. Bxe5 Nxe5 32. Nxe5 Rd5 33. Ra8+
Kh7 34. Nxf7 Rxb5 35. f3 Rb1+ 36. Kh2 Nd2 37. Kg3 b5 38. h4 Kg6 39. Nh8+ Kf6
40. Ra6+ Ke7 41. Ng6+ Ke8 42. Ne5 Rb2 43. Kf4 b4 44. Ra8+ Ke7 45. Ra7+ Ke6 46.
Rxg7 b3 47. Rg6+ Ke7 48. Rxh6 Ra2 49. Nd3 b2 50. Nxb2 Rxb2 51. e4 Nc4 52. Rc6
Nd6 53. g4 Rb8 54. g5 Kd7 55. Rc1 Rf8+ 56. Kg4 Nf7 57. Rd1+ Ke7 58. f4 Nd6 59.
h5 Ra8 60. h6 Nf7 61. Rb1 Kf8 62. e5 Re8 63. Rb7 Kg8 64. g6 1-0

[Event "11t. Rusia tch 2010 Femenino"]
[Site "Dagomys RUS"]
[Date "2010.04.05"]
[Round "5.34"]
[White "Vasilevich, Irina"]
[Black "Matveeva, Svetlana"]
[Result "1/2-1/2"]
[WhiteElo "2324"]
[BlackElo "2373"]
[PlyCount "93"]
[EventDate "2010.04.01"]
[EventType "team"]
[EventRounds "7"]
[EventCountry "RUS"]
[Source "lmi"]
[SourceDate "2010.04.01"]

1. c4 c5 2. Nf3 Nc6 3. d4 cxd4 4. Nxd4 e6 5. a3 Nf6 6. Nc3 Qc7 7. Bg5 a6 8.
Bxf6 gxf6 9. e3 f5 10. Rc1 Bg7 11. Nf3 b6 12. Bd3 Bb7 13. O-O Ne5 14. Nxe5 Bxe5
15. f4 Rg8 16. Rf2 Bf6 17. Bf1 Qc6 18. b4 Ke7 19. Rd2 Rad8 20. c5 bxc5 21. bxc5
h5 22. Qa4 Qf3 23. Nd1 Bc6 24. Qxa6 h4 25. Qe2 Qxe2 26. Rxe2 Ra8 27. Ra2 Rgb8
28. Kf2 Rb3 29. Be2 Rbxa3 30. Rxa3 Rxa3 31. Rc2 Be4 32. Rd2 Ra5 33. Bf3 Rxc5
34. Bxe4 fxe4 35. g4 d5 36. g5 Bg7 37. Kg2 Rb5 38. Kh3 Rb3 39. Kxh4 d4 40. exd4
e3 41. Re2 Bxd4 42. Kg4 Rd3 43. Nb2 Bxb2 44. Rxb2 Rd2 45. Rb7+ Kf8 46. Kf3 Rxh2
47. Kxe3 1/2-1/2

[Event "11t. Rusia tch 2010 Femenino"]
[Site "Dagomys RUS"]
[Date "2010.04.06"]
[Round "6.12"]
[White "Kovalevskaya, Ekaterina"]
[Black "Socko, Monika"]
[Result "1/2-1/2"]
[PlyCount "100"]
[EventDate "2010.04.01"]
[EventType "team"]
[EventRounds "7"]
[EventCountry "RUS"]
[Source "lmi"]
[SourceDate "2010.04.01"]
[WhiteElo "2438"]
[BlackElo "2465"]

1. Nf3 d5 2. e3 Nf6 3. c4 e6 4. Nc3 c5 5. cxd5 Nxd5 6. Be2 Nc6 7. O-O Be7 8. d4
cxd4 9. exd4 O-O 10. Qb3 Nf6 11. Be3 b6 12. Ne5 Bb7 13. Bf3 Na5 14. Qd1 Nd5 15.
Bd2 Rc8 16. Nxd5 Bxd5 17. Bxa5 bxa5 18. Rc1 Rxc1 19. Qxc1 Bf6 20. Qc3 Bxf3 21.
Nxf3 Qd5 22. a3 Rd8 23. h3 h6 24. Rc1 a4 25. Qb4 Bxd4 26. Nxd4 Qxd4 27. Qxd4
Rxd4 28. Rc8+ Kh7 29. Rc7 Kg6 30. Rxa7 Rd1+ 31. Kh2 Rd2 32. f3 Rxb2 33. Rxa4 f5
34. h4 Kf6 35. Ra8 g5 36. Rh8 Kg7 37. Re8 Kf7 38. Rh8 Kg7 39. Re8 Rb6 40. hxg5
hxg5 41. Ra8 Kf6 42. a4 Rb2 43. a5 Ra2 44. a6 Ke5 45. Kg3 f4+ 46. Kh3 Kd4 47.
a7 Ke3 48. Re8 Rxa7 49. Rxe6+ Kf2 50. Rb6 Ra5 1/2-1/2

[Event "11t. Rusia tch 2010 Femenino"]
[Site "Dagomys RUS"]
[Date "2010.04.06"]
[Round "6.13"]
[White "Atalik, Ekaterina"]
[Black "Matveeva, Svetlana"]
[Result "1/2-1/2"]
[PlyCount "88"]
[EventDate "2010.04.01"]
[EventType "team"]
[EventRounds "7"]
[EventCountry "RUS"]
[Source "lmi"]
[SourceDate "2010.04.01"]
[WhiteElo "2445"]
[BlackElo "2373"]

1. d4 d5 2. c4 dxc4 3. Nf3 e6 4. e3 c5 5. Bxc4 a6 6. O-O Nf6 7. a4 Nc6 8. Qe2
cxd4 9. Rd1 Be7 10. exd4 O-O 11. Nc3 Nb4 12. Bg5 Nfd5 13. Bxe7 Nxe7 14. Ne5 b6
15. Ne4 Ned5 16. a5 Bb7 17. axb6 Nxb6 18. Nc5 Nxc4 19. Qxc4 Qd5 20. Qxd5 Bxd5
21. Ra5 Rfd8 22. Rda1 f6 23. Ned7 Bc6 24. Nb6 Rab8 25. Nc4 Rxd4 26. Ne3 Bb5 27.
Nxe6 Rd2 28. b3 Rc8 29. h4 Kf7 30. Nf4 Rd4 31. g3 g5 32. hxg5 fxg5 33. Nh3 Kg6
34. Nc4 h6 35. Na3 Bd7 36. Kg2 Rc3 37. Nc4 Rxb3 38. Ne5+ Kg7 39. Rc1 Nd3 40.
Nxd3 Rbxd3 41. Rxa6 Bf5 42. Rc7+ Rd7 43. Rxd7+ Rxd7 44. f3 g4 1/2-1/2

[Event "11t. Rusia tch 2010 Femenino"]
[Site "Dagomys RUS"]
[Date "2010.04.06"]
[Round "6.14"]
[White "Girya, Olga"]
[Black "Bodnaruk, Anastasia"]
[Result "0-1"]
[PlyCount "114"]
[EventDate "2010.04.01"]
[EventType "team"]
[EventRounds "7"]
[EventCountry "RUS"]
[Source "lmi"]
[SourceDate "2010.04.01"]
[WhiteElo "2362"]
[BlackElo "2384"]

1. d4 Nf6 2. c4 g6 3. Nf3 Bg7 4. g3 O-O 5. Bg2 d6 6. O-O Nc6 7. Nc3 a6 8. e3
Rb8 9. Qe2 b5 10. Rd1 e6 11. b3 bxc4 12. Qxc4 Nb4 13. Qe2 a5 14. Ba3 Ba6 15.
Qd2 Qe7 16. Rac1 Rfd8 17. h3 c5 18. e4 e5 19. dxe5 dxe5 20. Qe3 Rd4 21. Bxb4
axb4 22. Na4 Rxd1+ 23. Rxd1 c4 24. Bf1 Bb7 25. Nc5 c3 26. Bc4 Bc6 27. Na6 Rb7
28. Nc5 Ra7 29. Nd3 Rxa2 30. Nfxe5 Be8 31. Re1 Bf8 32. Nf3 Qa7 33. Qg5 Be7 34.
Qh6 Bf8 35. Qg5 Be7 36. Qh6 Ra1 37. e5 Rxe1+ 38. Nfxe1 Ne4 39. Qf4 Nd2 40. Bd5
Qc7 41. Nc2 Qa5 42. Qd4 Qa2 43. Nde1 Qa6 44. Nd3 Bc6 45. Bxc6 Qxc6 46. Qa7 Bf8
47. Qb8 Qf3 48. Ndxb4 Qd1+ 49. Kh2 Qf1 50. Qa8 Qxf2+ 51. Qg2 Nf1+ 52. Kh1 Nxg3+
53. Kh2 Nf1+ 54. Kh1 Qf5 55. Nc6 Nd2 56. Ne3 Qb1+ 57. Kh2 c2 0-1

[Event "11t. Rusia tch 2010 Femenino"]
[Site "Dagomys RUS"]
[Date "2010.04.06"]
[Round "6.21"]
[White "Molchanova, Tatjana"]
[Black "Romanko, Marina"]
[Result "1-0"]
[PlyCount "65"]
[EventDate "2010.04.01"]
[EventType "team"]
[EventRounds "7"]
[EventCountry "RUS"]
[Source "lmi"]
[SourceDate "2010.04.01"]
[WhiteElo "2369"]
[BlackElo "2409"]

1. d4 d5 2. Nf3 Nf6 3. c4 c6 4. e3 e6 5. b3 Nbd7 6. Bb2 Bd6 7. Bd3 O-O 8. Nbd2
b6 9. O-O Bb7 10. Ne5 c5 11. cxd5 Nxd5 12. Ndc4 Nxe5 13. dxe5 Bc7 14. Qg4 Nxe3
15. Bxh7+ Kxh7 16. fxe3 Qd3 17. Rf4 Kg8 18. Rd1 Qc2 19. Rf2 Qh7 20. Nd6 Bc6 21.
Rdf1 Qg6 22. Qh3 Bxd6 23. exd6 Be4 24. Rf4 f5 25. Rh4 Bd5 26. Rf2 Bc6 27. Rh8+
Kf7 28. Rh7 Rg8 29. Qh4 Rae8 30. Be5 Kf8 31. Rh5 Qf7 32. Rg5 Rc8 33. Rgxf5 1-0

[Event "11t. Rusia tch 2010 Femenino"]
[Site "Dagomys RUS"]
[Date "2010.04.06"]
[Round "6.22"]
[White "Paikidze, Nazi"]
[Black "Bronnikova, Elizaveta"]
[Result "1/2-1/2"]
[PlyCount "146"]
[EventDate "2010.04.01"]
[EventType "team"]
[EventRounds "7"]
[EventCountry "RUS"]
[Source "lmi"]
[SourceDate "2010.04.01"]
[WhiteElo "2322"]
[BlackElo "2271"]

1. d4 Nf6 2. c4 c5 3. d5 b5 4. cxb5 a6 5. b6 d6 6. Nc3 g6 7. Nf3 Qxb6 8. e4 Bg7
9. Nd2 O-O 10. Be2 Nbd7 11. Nc4 Qc7 12. Bf4 Nb6 13. Ne3 a5 14. a4 Ba6 15. Bxa6
Rxa6 16. Qe2 Raa8 17. Nc4 Nxc4 18. Qxc4 Qb6 19. Nb5 Ne8 20. Rb1 Nc7 21. Nxc7
Qxc7 22. b3 f5 23. O-O Rab8 24. Bd2 Bd4 25. Rbe1 f4 26. e5 Rf5 27. exd6 exd6
28. Bc3 f3 29. Bxd4 Rb4 30. Re8+ Rf8 31. Rxf8+ Kxf8 32. Qc3 Rxd4 33. Re1 fxg2
34. Re6 Qf7 35. Rxd6 Qf4 36. Qg3 Rd1+ 37. Kxg2 Qe4+ 38. Qf3+ Qxf3+ 39. Kxf3
Rd3+ 40. Ke4 Rxb3 41. Ra6 Ke7 42. Rxa5 Rb2 43. Ra7+ Kd6 44. Ra6+ Kd7 45. Rf6
Re2+ 46. Kd3 Ra2 47. Kc4 Rxa4+ 48. Kxc5 Ra5+ 49. Kd4 Ra2 50. Ke4 Re2+ 51. Kf3
Rd2 52. Rf7+ Kd6 53. Rxh7 Rxd5 54. Rh6 Rf5+ 55. Kg3 Rf6 56. f4 Ke6 57. Kg4 Kf7
58. Rh7+ Kg8 59. Ra7 Rf5 60. Re7 Kf8 61. Re5 Rf7 62. h4 Kg7 63. Rg5 Kh6 64. Rb5
Kg7 65. Kg5 Rc7 66. Rb8 Rc5+ 67. Kg4 Rc7 68. h5 gxh5+ 69. Kg5 h4 70. f5 h3 71.
Rb2 Ra7 72. Rb3 h2 73. Rh3 Ra2 1/2-1/2

[Event "11t. Rusia tch 2010 Femenino"]
[Site "Dagomys RUS"]
[Date "2010.04.06"]
[Round "6.23"]
[White "Ivkina, Olga"]
[Black "Repina, Varvara"]
[Result "0-1"]
[PlyCount "108"]
[EventDate "2010.04.01"]
[EventType "team"]
[EventRounds "7"]
[EventCountry "RUS"]
[Source "lmi"]
[SourceDate "2010.04.01"]
[WhiteElo "2268"]
[BlackElo "2240"]

1. e4 e5 2. Nf3 Nc6 3. Bb5 g6 4. c3 Nge7 5. d4 exd4 6. cxd4 d5 7. exd5 Nxd5 8.
O-O Bg7 9. Bg5 Qd6 10. Re1+ Be6 11. Nbd2 O-O 12. Ne4 Qb4 13. Bxc6 bxc6 14. Ne5
f6 15. a3 Qb5 16. a4 Qb4 17. Bd2 Qxd4 18. Nxc6 Qb6 19. Rc1 Bf7 20. b4 a6 21.
Qf3 h6 22. a5 Qb5 23. Nd4 Qd7 24. Nc5 Qd6 25. Nb7 Qd7 26. Nc5 Qd6 27. b5 f5 28.
Nde6 axb5 29. Nxf8 Rxf8 30. a6 Kh7 31. h3 Bd4 32. Nb3 Ba7 33. Ra1 c5 34. Na5 c4
35. Reb1 Bd4 36. Nb7 Qb6 37. Ra5 Nc7 38. Qf4 c3 39. Qxh6+ Kg8 40. Be3 b4 41.
Rc5 Bg7 42. Qg5 Nxa6 43. Rc8 Qxb7 44. Rxf8+ Kxf8 45. Qd8+ Be8 46. Ra1 c2 47.
Qd6+ Qe7 48. Qxa6 b3 49. Rf1 b2 50. Qb6 Qe4 51. Qb3 Qc6 52. Bc1 Qa4 53. Qd3
b1=Q 54. Ba3+ Kg8 0-1

[Event "11t. Rusia tch 2010 Femenino"]
[Site "Dagomys RUS"]
[Date "2010.04.06"]
[Round "6.24"]
[White "Bukhteeva, Viktoria"]
[Black "Gromova, Iulia"]
[Result "1/2-1/2"]
[PlyCount "72"]
[EventDate "2010.04.01"]
[EventType "team"]
[EventRounds "7"]
[EventCountry "RUS"]
[Source "lmi"]
[SourceDate "2010.04.01"]
[WhiteElo "2206"]
[BlackElo "2226"]

1. e4 c6 2. d4 d5 3. e5 Bf5 4. c4 e6 5. Nc3 Ne7 6. a3 Nd7 7. c5 b6 8. b4 a5 9.
Be3 f6 10. f4 axb4 11. axb4 Rxa1 12. Qxa1 bxc5 13. bxc5 Nxc5 14. dxc5 d4 15.
Nb5 cxb5 16. Bxb5+ Kf7 17. Bxd4 Nd5 18. Nf3 Qc7 19. Qa3 Bxc5 20. Qxc5 Qxc5 21.
Bxc5 Rc8 22. Ba3 Rc3 23. O-O Rxa3 24. Nd4 Bd3 25. Bxd3 Rxd3 26. Nb5 fxe5 27.
fxe5+ Kg6 28. Re1 Rd2 29. Re4 h5 30. h3 Rd3 31. Nd6 Ne7 32. Kf2 Nf5 33. Nc4 Rd4
34. Rxd4 Nxd4 35. Ke3 Nf5+ 36. Kf4 Ne7 1/2-1/2

[Event "11t. Rusia tch 2010 Femenino"]
[Site "Dagomys RUS"]
[Date "2010.04.06"]
[Round "6.32"]
[White "Muzychuk, Anna"]
[Black "Paehtz, Elisabeth"]
[Result "1-0"]
[PlyCount "151"]
[EventDate "2010.04.01"]
[EventType "team"]
[EventRounds "7"]
[EventCountry "RUS"]
[Source "lmi"]
[SourceDate "2010.04.01"]
[WhiteElo "2533"]
[BlackElo "2486"]

1. e4 e6 2. d4 d5 3. Nc3 Nf6 4. Bg5 Bb4 5. e5 h6 6. Be3 Ne4 7. Qg4 Kf8 8. Bd3
Nxc3 9. Bd2 Nxa2 10. c3 Nxc3 11. bxc3 Be7 12. Nh3 h5 13. Qf3 Ke8 14. Nf4 Bg5
15. h4 Bxf4 16. Bxf4 c5 17. Qg3 Kf8 18. O-O Nc6 19. dxc5 Qc7 20. Rfe1 Bd7 21.
Bg5 Be8 22. Ra4 Ne7 23. Rf4 Qxc5 24. Re3 Nc6 25. Qh3 Kg8 26. Rg3 Nxe5 27. Bf6
Ng6 28. Bxg6 fxg6 29. Qxe6+ Kh7 30. Bxg7 Kxg7 31. Qf6+ Kh7 32. Re3 Rg8 33. Re7+
Qxe7 34. Qxe7+ Rg7 35. Qf8 a5 36. Rf6 Rg8 37. Qe7+ Rg7 38. Qf8 Rg8 39. Qa3 Bc6
40. f4 a4 41. f5 Be8 42. Re6 gxf5 43. Qd6 Bg6 44. Re7+ Rg7 45. Qd7 Rag8 46.
Rxg7+ Rxg7 47. Qxa4 f4 48. Qxf4 Be4 49. g3 b5 50. Qe5 Kh6 51. Qf6+ Kh7 52. Kf2
Rg6 53. Qf7+ Kh6 54. Qf4+ Kh7 55. Qe5 Rh6 56. Ke3 Kg8 57. Kf4 Rg6 58. Qxh5 Rf6+
59. Ke5 Rf3 60. g4 Rxc3 61. Qe8+ Kg7 62. Qxb5 Rf3 63. h5 Kh6 64. Qe8 Bh7 65.
Qe6+ Kg5 66. Qe7+ Kh6 67. Kxd5 Bg8+ 68. Ke4 Rf1 69. Qd6+ Kh7 70. Ke3 Re1+ 71.
Kf2 Re6 72. Qd7+ Kh6 73. Kg3 Re3+ 74. Kh4 Re4 75. Qd2+ Kg7 76. Qg5+ 1-0

[Event "11t. Rusia tch 2010 Femenino"]
[Site "Dagomys RUS"]
[Date "2010.04.06"]
[Round "6.33"]
[White "Iljushina, Olga"]
[Black "Pogonina, Natalija"]
[Result "0-1"]
[PlyCount "126"]
[EventDate "2010.04.01"]
[EventType "team"]
[EventRounds "7"]
[EventCountry "RUS"]
[Source "lmi"]
[SourceDate "2010.04.01"]
[WhiteElo "2356"]
[BlackElo "2496"]

1. Nf3 Nf6 2. c4 e6 3. g3 d5 4. d4 Bb4+ 5. Bd2 Be7 6. Bg2 c6 7. Qc2 b6 8. O-O
Ba6 9. Ne5 Nfd7 10. Bf4 Nxe5 11. Bxe5 O-O 12. cxd5 cxd5 13. Rc1 Nd7 14. Bc7 Qc8
15. e4 Nf6 16. Nd2 Qd7 17. Be5 Rac8 18. Qd1 dxe4 19. Nxe4 Nd5 20. Nc3 Nb4 21.
Bf1 Bxf1 22. Kxf1 Nc6 23. Qa4 Rfd8 24. Rd1 f6 25. Bf4 Nxd4 26. Qxd7 Rxd7 27.
Nb5 e5 28. Be3 Rcd8 29. Bxd4 exd4 30. Rd3 Kf7 31. Rad1 Bc5 32. Na3 a6 33. Nc2
b5 34. b4 Ba7 35. Ne1 Rc8 36. Nf3 Rc4 37. a3 Bb6 38. h4 h5 39. Kg2 Ke6 40. Nh2
Rc3 41. Nf3 Rxd3 42. Rxd3 Kd5 43. Nd2 Rc7 44. Kf3 a5 45. Ke2 axb4 46. axb4 Rc3
47. Nb1 Rc2+ 48. Nd2 Rb2 49. Rf3 Ke5 50. Ra3 Rxb4 51. Kd3 Kd5 52. Ra8 Ra4 53.
Rb8 Ra3+ 54. Kc2 Rc3+ 55. Kb2 Rc6 56. Rb7 g6 57. f3 d3 58. Kb3 Kd4 59. Re7 Ba5
60. Nf1 Rc3+ 61. Kb2 Rc2+ 62. Kb1 Rf2 63. Rd7+ Ke5 0-1

[Event "11t. Rusia tch 2010 Femenino"]
[Site "Dagomys RUS"]
[Date "2010.04.06"]
[Round "6.34"]
[White "Savina, Anastasia"]
[Black "Kovanova, Baira"]
[Result "1-0"]
[PlyCount "67"]
[EventDate "2010.04.01"]
[EventType "team"]
[EventRounds "7"]
[EventCountry "RUS"]
[Source "lmi"]
[SourceDate "2010.04.01"]
[WhiteElo "2391"]
[BlackElo "2385"]

1. d4 Nf6 2. c4 e6 3. Nc3 Bb4 4. Qc2 O-O 5. e4 d5 6. e5 Ne4 7. Bd3 c5 8. Nf3
cxd4 9. Nxd4 Nd7 10. Bf4 Ndc5 11. O-O Nxd3 12. Qxd3 f5 13. cxd5 Bxc3 14. bxc3
Qxd5 15. c4 Qd7 16. Rfd1 b6 17. Qa3 Bb7 18. f3 Nc5 19. Nb5 Qe7 20. Be3 Rfc8 21.
Rab1 Rc6 22. Nd6 Nd7 23. f4 Rc7 24. c5 Nxc5 25. Bxc5 bxc5 26. Rb5 c4 27. Rdb1
Bc8 28. Qf3 a6 29. Rb8 Rxb8 30. Rxb8 c3 31. Nxc8 Qd8 32. Ne7+ Kf7 33. Qh5+ Kxe7
34. Qg5+ 1-0

[Event "11t. Rusia tch 2010 Femenino"]
[Site "Dagomys RUS"]
[Date "2010.04.07"]
[Round "7.11"]
[White "Romanko, Marina"]
[Black "Ushenina, Anna"]
[Result "1/2-1/2"]
[PlyCount "50"]
[EventDate "2010.04.01"]
[EventType "team"]
[EventRounds "7"]
[EventCountry "RUS"]
[Source "lmi"]
[SourceDate "2010.04.01"]
[WhiteElo "2409"]
[BlackElo "2452"]

1. d4 Nf6 2. c4 g6 3. Nf3 Bg7 4. g3 d5 5. cxd5 Nxd5 6. Bg2 Nb6 7. Nc3 Nc6 8. e3
O-O 9. O-O Re8 10. Re1 Bd7 11. d5 Na5 12. Nd4 Rc8 13. e4 c6 14. Bf4 cxd5 15.
exd5 h6 16. h4 h5 17. Bg5 Nac4 18. b3 Nd6 19. Rc1 Nf5 20. Nde2 Rc5 21. Qd2 Nc8
22. Ne4 Rxc1 23. Rxc1 Ncd6 24. Nxd6 Nxd6 25. Be3 a6 1/2-1/2

[Event "11t. Rusia tch 2010 Femenino"]
[Site "Dagomys RUS"]
[Date "2010.04.07"]
[Round "7.12"]
[White "Paehtz, Elisabeth"]
[Black "Paikidze, Nazi"]
[Result "1-0"]
[PlyCount "63"]
[EventDate "2010.04.01"]
[EventType "team"]
[EventRounds "7"]
[EventCountry "RUS"]
[Source "lmi"]
[SourceDate "2010.04.01"]
[WhiteElo "2486"]
[BlackElo "2322"]

1. e4 c6 2. d3 d5 3. Nd2 g6 4. Ngf3 Bg7 5. g3 e5 6. Bg2 Ne7 7. O-O O-O 8. Re1
d4 9. Nc4 Qc7 10. c3 b5 11. Ncd2 c5 12. a4 Bd7 13. axb5 Bxb5 14. Qb3 Bd7 15.
Nc4 Be6 16. Ng5 Bxc4 17. Qxc4 Nd7 18. cxd4 exd4 19. Bf4 Be5 20. Bd2 Nb6 21. Qc2
c4 22. f4 Bg7 23. e5 Nf5 24. Bxa8 Rxa8 25. dxc4 Qxc4 26. Qe4 d3 27. Rac1 Qd4+
28. Kg2 Nd5 29. Nf3 Qxe4 30. Rxe4 Rb8 31. Rc5 Nfe7 32. Rd4 1-0

[Event "11t. Rusia tch 2010 Femenino"]
[Site "Dagomys RUS"]
[Date "2010.04.07"]
[Round "7.13"]
[White "Repina, Varvara"]
[Black "Iljushina, Olga"]
[Result "1-0"]
[PlyCount "103"]
[EventDate "2010.04.01"]
[EventType "team"]
[EventRounds "7"]
[EventCountry "RUS"]
[Source "lmi"]
[SourceDate "2010.04.01"]
[WhiteElo "2240"]
[BlackElo "2356"]

1. Nf3 c5 2. c4 Nc6 3. d4 cxd4 4. Nxd4 Nf6 5. Nc3 e6 6. a3 Nxd4 7. Qxd4 b6 8.
Qf4 Be7 9. e4 O-O 10. e5 Ne8 11. Qe4 Rb8 12. Bf4 f5 13. Qc2 g5 14. Be3 Qc7 15.
f4 Ba6 16. Qa4 Bb7 17. O-O-O d5 18. Kb1 gxf4 19. Bxf4 Bc6 20. Qb3 d4 21. Nd5
Qb7 22. Nxe7+ Qxe7 23. Rxd4 Qc5 24. Qg3+ Ng7 25. Rd6 Be4+ 26. Bd3 Qxc4 27. Rc1
Bxd3+ 28. Rxd3 Qb5 29. Rc7 Rf7 30. Rdc3 Rbf8 31. R7c6 Kh8 32. Bh6 f4 33. Qg5
Qd5 34. Rc8 Qe4+ 35. Ka1 Qg6 36. Qxg6 hxg6 37. Rxf8+ Rxf8 38. Rc7 Rg8 39. Bxf4
Rf8 40. Bg5 Rf1+ 41. Ka2 Nf5 42. Rxa7 Rg1 43. g3 Rg2 44. Rb7 Kg8 45. Rxb6 Kf7
46. a4 Rxh2 47. a5 Re2 48. Bf6 Rd2 49. a6 Rd5 50. Rb7+ Ke8 51. a7 Ra5+ 52. Kb1
1-0

[Event "11t. Rusia tch 2010 Femenino"]
[Site "Dagomys RUS"]
[Date "2010.04.07"]
[Round "7.21"]
[White "Kosteniuk, Alexandra"]
[Black "Molchanova, Tatjana"]
[Result "1/2-1/2"]
[PlyCount "104"]
[EventDate "2010.04.01"]
[EventType "team"]
[EventRounds "7"]
[EventCountry "RUS"]
[Source "lmi"]
[SourceDate "2010.04.01"]
[WhiteElo "2524"]
[BlackElo "2369"]

1. e4 c6 2. d4 d5 3. e5 Bf5 4. Nf3 e6 5. Be2 c5 6. O-O Nc6 7. c3 Bg6 8. Bg5 Be7
9. Bxe7 Qxe7 10. Bb5 c4 11. b3 cxb3 12. axb3 Qd7 13. c4 Nge7 14. c5 O-O 15. Nc3
a6 16. Be2 f6 17. exf6 Rxf6 18. Qd2 Raf8 19. Ra4 Qc7 20. Nh4 Qf4 21. Qxf4 Rxf4
22. Nf3 Bh5 23. Ng5 Bxe2 24. Nxe2 R4f6 25. f4 h6 26. Nf3 g5 27. fxg5 hxg5 28.
Re1 Rg6 29. Ng3 Rf4 30. Nh5 Rf7 31. Re2 Nf5 32. Rf2 Ng7 33. Ng3 Nf5 34. Ne5
Nxe5 35. dxe5 Nxg3 36. Rxf7 Kxf7 37. hxg3 Rg7 38. g4 Ke8 39. Rb4 Rc7 40. Rb6
Rxc5 41. Rxe6+ Kf7 42. Rf6+ Ke7 43. Kf2 Rb5 44. Ke3 Rb4 45. Rd6 Rxb3+ 46. Kd4
a5 47. Rh6 Rb1 48. Kxd5 a4 49. Rh7+ Kf8 50. Rh8+ Ke7 51. Rh7+ Kf8 52. Rh8+ Ke7
1/2-1/2